| 000 | 00638nam a2200205 a 4500 | ||
|---|---|---|---|
| 005 | 20210219160310.0 | ||
| 008 | 081008s2000 mx r 000 0 spa d | ||
| 035 | _aUPN01000162764 | ||
| 049 | _aUNE | ||
| 080 | _aDO 37(06) (100) "1990" PRO No.42. | ||
| 111 | 2 | _aConferencia Internacional de Educación ( 42a. : 1990 : Ginebra) | |
| 245 | 1 | 0 | _aProyecto de informe de la Comisión. |
| 260 | _aParís : UNESCO, 1990. | ||
| 300 | _a16 p. | ||
| 440 | 0 | _aED/BIE/CONFINTED 42/6 (Pror) | |
| 690 | _aEducacion- Conferencias internacionales | ||
| 690 | _aConferencias internacionales- Educacion | ||
| 710 | 2 | _aUNESCO | |
| 905 | _aUNESCO | ||
| 999 |
_c134877 _d134877 |
||